00426nam a2200157 i 450000100060000000300090000600500170001500700030003200800410003510000310007624500580010726000390016530000220020485200210022685200210024732608ES-MaACL20231218194913.0t|030131s1928 sp ||||1| spa d1 aBernal, Emilia,d1884-196410aCuestiones cubanas, para América / cEmilia Bernal. aMadrid : bG. Hernández, c1928. a316 p. ; c18 cm. aES-MaACLjE-1133 aES-MaACLjB-5892